[Event "ISR-ch op"]
[Site "Acre"]
[Date "2024.01.22"]
[Round "2"]
[White "Mondri, Nadav"]
[Black "Krayz, Alexander"]
[Result "0-1"]
[WhiteElo "1823"]
[BlackElo "2327"]
[PlyCount "62"]
[EventDate "2024.01.21"]
[EventType "swiss"]
[EventRounds "9"]
[EventCountry "ISR"]
[SourceTitle "CB05_2024"]
[SourceDate "2024.01.31"]
[SourceVersion "1"]
[SourceVersionDate "2024.01.31"]
[SourceQuality "1"]

1. e4 e6 2. d4 d5 3. exd5 exd5 4. Nf3 Bd6 5. Bd3 Ne7 6. 0-0 0-0 7. Nc3 c6 8. Ne2 Bf5 9. Ng3 Bxd3 10. Qxd3 Nd7 11. Re1 Re8 12. Bd2 Qb6 13. b3 Ng6 14. c4 Bxg3 15. hxg3 Nf6 16. Be3 Qa6 17. Re2 Re7 18. Rae1 Rae8 19. Qc2 Ne4 20. Bg5 Re6 21. Bc1 Qa5 22. Ng5 Nxg5 23. Bxg5 Qxe1+ 24. Rxe1 Rxe1+ 25. Kh2 R8e2 26. Qf5 h5 27. Qc8+ Kh7 28. Qh3 Rxf2 29. Qxh5+ Kg8 30. Bh4 Rff1 31. Kh3 f5 0-1

[Event "Ramat Gan Spring op"]
[Site "Ramat Gan"]
[Date "2023.05.01"]
[Round "1"]
[White "Magen, Amnon"]
[Black "Mondri, Nadav"]
[Result "1-0"]
[WhiteElo "2087"]
[BlackElo "1765"]
[PlyCount "65"]
[EventDate "2023.05.01"]
[EventType "swiss"]
[EventRounds "7"]
[EventCountry "ISR"]
[SourceTitle "CBM 215 Extra"]
[Source "ChessBase"]
[SourceDate "2023.09.30"]
[SourceVersion "1"]
[SourceVersionDate "2023.09.30"]
[SourceQuality "1"]

1. e4 e5 2. Nf3 Nc6 3. Bb5 a6 4. Ba4 Nf6 5. 0-0 b5 6. Bb3 Bc5 7. c3 Bb6 8. d4 d6 9. Bg5 h6 10. Bh4 Bb7 11. a4 0-0 12. Na3 b4 13. Nc4 bxc3 14. bxc3 Ba7 15. d5 Nb8 16. Ne3 Nbd7 17. a5 Nc5 18. Ng4 Nxb3 19. Qxb3 Bc8 20. Nxf6+ gxf6 21. h3 Kh7 22. Kh1 Rg8 23. Nh2 Rg6 24. f4 exf4 25. Rxf4 Qg8 26. g4 h5 27. Qd1 hxg4 28. hxg4 Be3 29. Rxf6 Bxg4 30. Rxg6 Bxd1 31. Rxg8 Bf3+ 32. Nxf3 Rxg8 33. Re1 1-0

[Event "ISR-ch U18"]
[Site "HaKfar HaYarok"]
[Date "2021.03.24"]
[Round "6"]
[White "Mondri, Nadav"]
[Black "Sheinkman, Lidan"]
[Result "0-1"]
[WhiteElo "1803"]
[BlackElo "1895"]
[PlyCount "82"]
[EventDate "2021.03.19"]
[EventType "swiss"]
[EventRounds "9"]
[EventCountry "ISR"]
[SourceTitle "EXT 2022"]
[Source "ChessBase"]
[SourceDate "2021.10.06"]
[SourceVersion "1"]
[SourceVersionDate "2021.10.06"]
[SourceQuality "1"]

1. e4 e6 2. d4 d5 3. Nd2 Nf6 4. Bd3 c5 5. c3 Nc6 6. Ne2 cxd4 7. cxd4 dxe4 8. Nxe4 Be7 9. 0-0 0-0 10. Be3 Nb4 11. Nxf6+ Bxf6 12. Be4 Nd5 13. Qc2 g6 14. Rac1 b6 15. Bxd5 Qxd5 16. Qc6 Qxc6 17. Rxc6 Ba6 18. Rc2 Rac8 19. Rd2 Rfd8 20. Rfd1 Bxe2 21. Rxe2 Bxd4 22. Red2 Bf6 23. Rd7 Rxd7 24. Rxd7 Rd8 25. Rxd8+ Bxd8 26. Kf1 Bc7 27. h3 Kg7 28. Ke2 Kf6 29. Kd3 Ke5 30. Kc4 a6 31. a4 f5 32. g3 Ke4 33. b4 e5 34. Bg5 f4 35. gxf4 exf4 36. Bh4 h6 37. Bf6 g5 38. Bg7 h5 39. Bf6 g4 40. hxg4 hxg4 41. Bh4 f3 0-1

[Event "ISR-ch U18"]
[Site "HaKfar HaYarok"]
[Date "2021.03.24"]
[Round "7"]
[White "Sobel, Alon"]
[Black "Mondri, Nadav"]
[Result "1-0"]
[WhiteElo "1825"]
[BlackElo "1803"]
[PlyCount "79"]
[EventDate "2021.03.19"]
[EventType "swiss"]
[EventRounds "9"]
[EventCountry "ISR"]
[SourceTitle "EXT 2022"]
[Source "ChessBase"]
[SourceDate "2021.10.06"]
[SourceVersion "1"]
[SourceVersionDate "2021.10.06"]
[SourceQuality "1"]

1. f4 d5 2. Nf3 c5 3. e3 Nf6 4. d4 Nc6 5. Be2 Bf5 6. 0-0 e6 7. Ne5 h6 8. c3 Be7 9. Bb5 Qb6 10. Bxc6+ bxc6 11. Nd2 0-0 12. g4 Bh7 13. g5 Ne4 14. g6 Bxg6 15. Nd7 Qc7 16. Nxf8 Rxf8 17. Nxe4 Bxe4 18. Bd2 g5 19. Qh5 Kh7 20. dxc5 gxf4 21. Rxf4 f5 22. Kf2 Bxc5 23. Rh4 Qg7 24. Rg1 Qf6 25. Ke2 Rf7 26. c4 Rb7 27. b3 e5 28. Bc3 d4 29. exd4 exd4 30. Bd2 d3+ 31. Kf1 Qa1+ 32. Be1 Qf6 33. Bc3 Qe6 34. Rxe4 fxe4 35. Qxc5 Rf7+ 36. Ke1 e3 37. Qe5 d2+ 38. Ke2 d1Q+ 39. Kxd1 Rd7+ 40. Kc1 1-0

[Event "ISR-ch U18"]
[Site "HaKfar HaYarok"]
[Date "2021.03.22"]
[Round "3"]
[White "Katkov, Michelle"]
[Black "Mondri, Nadav"]
[Result "1-0"]
[WhiteElo "2078"]
[BlackElo "1803"]
[PlyCount "55"]
[EventDate "2021.03.19"]
[EventType "swiss"]
[EventRounds "9"]
[EventCountry "ISR"]
[SourceTitle "EXT 2022"]
[Source "ChessBase"]
[SourceDate "2021.10.06"]
[SourceVersion "1"]
[SourceVersionDate "2021.10.06"]
[SourceQuality "1"]

1. e4 e5 2. Nf3 Nc6 3. Bc4 Bc5 4. c3 Nf6 5. d3 0-0 6. 0-0 d5 7. exd5 Nxd5 8. Re1 Be6 9. Nbd2 Nf4 10. Ne4 Bxc4 11. Bxf4 exf4 12. dxc4 Be7 13. Qd5 Qxd5 14. cxd5 Na5 15. Ned2 Bf6 16. Re4 Rad8 17. b4 Bxc3 18. Rd1 Rxd5 19. bxa5 Rfd8 20. Rde1 g5 21. Re8+ Kg7 22. Rxd8 Rxd8 23. Rc1 g4 24. Rxc3 gxf3 25. Nf1 Rd1 26. Rxc7 fxg2 27. Kxg2 f3+ 28. Kg1 1-0